| 000 | 00457nam a2200181Ia 4500 | ||
|---|---|---|---|
| 001 | 12241 | ||
| 005 | 20260306162927.0 | ||
| 008 | 260306t2024||||xx |||||||||||||| ||spa|| | ||
| 041 | _aESP | ||
| 082 |
_aHR 343.332 _bN° 21 ENE-JUN 2024 ROPJ |
||
| 110 | _aPoder Judicial del Perú | ||
| 245 | 0 | _aRevista oficial del Poder Judicial | |
| 260 | _c2024 | ||
| 300 |
_a502 páginas : _c27 cm. |
||
| 650 | _aGEN | ||
| 654 | _aCDE | ||
| 942 |
_cREV _dJUS _fJUS _2ddc _n |
||
| 999 |
_c12241 _d12241 |
||